|
|
|
|
| LEADER |
02189nam a2200481 i 4500 |
| 001 |
EBC3384134 |
| 003 |
MiAaPQ |
| 005 |
20200520144314.0 |
| 006 |
m o d | |
| 007 |
cr cnu|||||||| |
| 008 |
150107t20142014enka o 000 0 eng d |
| 020 |
|
|
|z 9781783740086
|
| 020 |
|
|
|z 9781783740079
|
| 020 |
|
|
|a 9781783740093
|q (electronic bk.)
|
| 020 |
|
|
|a 9781783740109
|q (electronic bk.)
|
| 020 |
|
|
|a 9781783740116
|q (electronic bk.)
|
| 035 |
|
|
|a (MiAaPQ)EBC3384134
|
| 035 |
|
|
|a (Au-PeEL)EBL3384134
|
| 035 |
|
|
|a (CaPaEBR)ebr10996511
|
| 035 |
|
|
|a (OCoLC)923318162
|
| 040 |
|
|
|a MiAaPQ
|b eng
|e rda
|e pn
|c MiAaPQ
|d MiAaPQ
|
| 050 |
|
4 |
|a PQ1979.A663
|b .D465 2014
|
| 082 |
0 |
|
|a 847.5
|2 23
|
| 245 |
0 |
0 |
|a Denis Diderot's Rameau's nephew /
|c edited by Marian Hobson ; translated by Kate E. Tunstall and Caroline Warman ; music researched and played by the Conservatoire national superieur de musique et de danse de Paris under the direction of Pascal Duc.
|
| 250 |
|
|
|a Multi-media edition.
|
| 264 |
|
1 |
|a Cambridge, England :
|b Open Book Publishers,
|c 2014.
|
| 264 |
|
4 |
|c 2014
|
| 300 |
|
|
|a 1 online resource (177 pages) :
|b illustrations (some color)
|
| 336 |
|
|
|a text
|2 rdacontent
|
| 337 |
|
|
|a computer
|2 rdamedia
|
| 338 |
|
|
|a online resource
|2 rdacarrier
|
| 588 |
|
|
|a Description based on online resource; title from PDF title page (ebrary, viewed January 6, 2015).
|
| 590 |
|
|
|a Electronic reproduction. Ann Arbor, MI : ProQuest, 2015. Available via World Wide Web. Access may be limited to ProQuest affiliated libraries.
|
| 600 |
1 |
0 |
|a Diderot, Denis,
|d 1713-1784.
|t Neveu de Rameau.
|
| 655 |
|
4 |
|a Electronic books.
|
| 700 |
1 |
|
|a Hobson, Marian,
|e editor.
|
| 700 |
1 |
|
|a Tunstall, Kate E.,
|e translator.
|
| 700 |
1 |
|
|a Warman, Caroline,
|e translator.
|
| 700 |
1 |
|
|a Duc, Pascal,
|e director.
|
| 710 |
2 |
|
|a Conservatoire national superieur de musique et de danse de Paris,
|e music.
|
| 776 |
0 |
8 |
|i Print version:
|t Denis Diderot's Rameau's nephew.
|d Cambridge, England : Open Book Publishers, c2014
|b Multi-media edition.
|h 145 pages
|z 9781783740086
|
| 797 |
2 |
|
|a ProQuest (Firm)
|
| 856 |
4 |
0 |
|u https://ebookcentral.proquest.com/lib/matrademy/detail.action?docID=3384134
|z Click to View
|